[Event "Torun op"]
[Site "Torun"]
[Date "2002.??.??"]
[Round "9"]
[White "Jaskowiak, M."]
[Black "Adamczak, W."]
[Result "1-0"]
[WhiteElo "1600"]
[BlackElo "1400"]
[PlyCount "47"]
[EventDate "2002.??.??"]
[EventType "swiss"]
[EventRounds "9"]
[EventCountry "POL"]
[SourceTitle "EXT 2007"]
[Source "ChessBase"]
[SourceDate "2006.11.23"]
[SourceVersion "1"]
[SourceVersionDate "2006.11.23"]
[SourceQuality "1"]

1. d4 e6 2. c4 d5 3. e3 Nf6 4. Nc3 Bb4 5. Bd2 Nc6 6. a3 Bxc3 7. Bxc3 Ne4 8. Qf3 0-0 9. Bd3 Ng5 10. Qh5 Re8 11. h4 Ne4 12. Bxe4 dxe4 13. d5 Ne7 14. Qg5 f6 15. Bxf6 g6 16. Qh6 Nf5 17. Bxd8 Nxh6 18. Bxc7 exd5 19. cxd5 b6 20. 0-0-0 Bb7 21. d6 Rac8 22. Kb1 Bc6 23. d7 Bxd7 24. Rxd7 1-0